| 000 | 00353nam a2200145Ia 4500 | ||
|---|---|---|---|
| 008 | 230312s9999||||xx |||||||||||||| ||und|| | ||
| 020 | _a81-317-0869-9 | ||
| 082 |
_a621.3815 _bHAY-A |
||
| 100 | _aHaykin;Simon | ||
| 245 | 0 | _aAdaptive Filter Theory | |
| 260 |
_bPearson _aIndia _c2008 |
||
| 300 | _a920 | ||
| 650 |
_aEngineering _vMechanics |
||
| 942 | _cBK | ||
| 999 |
_c12206 _d12206 |
||